Normal view
MARC view
Entry Personal Name
001 - CONTROL NUMBER
- control field: 1237008
003 - CONTROL NUMBER IDENTIFIER
- control field: OSt
005 - DATE AND TIME OF LATEST TRANSACTION
- control field: 20260430150257.0
008 - FIXED-LENGTH DATA ELEMENTS
- fixed length control field: 260430|| aca||aabn | a|a d
040 ## - CATALOGING SOURCE
- Original cataloging agency: OSt
- Transcribing agency: OSt
100 ## - HEADING--PERSONAL NAME
- Personal name: Singh Inderpal Au.; Kalsie Anjala Gu.; Tuteja S.K. Gu
670 ## - SOURCE DATA FOUND
- Source citation: Work cat.: (OSt)1849396: Singh Inderpal Au.; Kalsie Anjala Gu.; Tuteja S.K. Gu., Analysis and Measurement of Synergies in Merger & Acquisition Deals : A Study of Indian Financial Corporates, 2022
